| 000 | 004830000a22001570004500 | ||
|---|---|---|---|
| 003 | MACL | ||
| 005 | 20171210130348.0 | ||
| 008 | 171210b xxu||||| |||| 00| 0 eng d | ||
| 040 | _cmacl | ||
| 100 |
_aअहलावत ,हरिसिंह _969634 |
||
| 245 | _aसचित्र खेल नियम | ||
| 260 |
_aजयपुर _bबी .अार पब्लिेकेश्ान _c2011 |
||
| 350 | _a200 | ||
| 650 |
_aखेल _953082 |
||
| 942 |
_cHIN _k796 _2ddc |
||
| 999 |
_c46568 _d46568 |
||